Business leader

Detalles Bibliográficos
Título anterior:Business digest (Raleigh, N.C.)
Formato: Desconocido
Lenguaje:inglés
Publicado: Raleigh, NC : Business to Business, Inc.,
Materias:
Acceso en línea:Acceso restringido

MARC

LEADER 00000ny a22000003n 4500
005 20110513133312.0
008 920108c19919999ncumr p s 0 a0eng c
022 0 |a 1060-8230 
035 |a 5108 
040 |a MnMULS  |d vLex 
082 1 0 |a 338  |2 12 
090 |c 1887  |d 1887 
130 0 |a Business leader (Raleigh, N.C.) 
245 3 0 |a Business leader  |h [Recurso electrn̤ico] 
246 1 0 |a Raleigh, Durham, RTP business digest 
246 1 0 |a Raleigh-Durham-RTP business digest 
256 |a Servicio en ln̕ea 
260 |a Raleigh, NC :  |b Business to Business, Inc., 
310 |a Mensual 
500 |a At head of title: Raleigh-Durham-RTP 
506 1 |a Contenido solo disponible en los productos indicados  |d vLex Global  |d vLex Global (Academic Edition, excluding Law Schools)  |d vLex Global (U.S. Academic Edition, excluding Law Schools) 
650 0 4 |a Negocios 
650 0 4 |a Noticias 
740 |a vLex Revista (Servicios en ln̕ea) 
780 0 0 |t Business digest (Raleigh, N.C.)  |x 1058-6490 
843 |a Electrn̤ica. Abierta 
853 |8 1  |i (year)  |j (month)  |k (day) 
856 4 0 |z Acceso restringido  |u http://vlex.com/account/login_ip?fuente_id=5108 
942 |c REV